[Event "DEM U14 2025"]
[Site "Willingen GER"]
[Date "2025.06.14"]
[Round "9"]
[White "Shevchenko, Igor"]
[Black "Sasse, Conan"]
[Result "1-0"]
[Termination "normal"]
[Board "9"]
[WhiteElo "1882"]
[BlackElo "1872"]
[WhiteClock "00:44:42"]
[BlackClock "00:12:55"]
[PlyCount "117"]
[WhiteFideId "34634924"]
[BlackFideId "34684336"]
[EventCountry "GER"]
[EventRounds "9"]
[EventType "swiss"]
[EventDate "2025.06.07"]

1. d4 {[%clk 01:30:51]} {[%emt 00:00:08]} Nf6 {[%clk 01:30:48]} {[%emt
00:00:12]} 2. c4 {[%clk 01:31:15]} {[%emt 00:00:05]} e6 {[%clk 01:31:16]}
{[%emt 00:00:04]} 3. Nc3 {[%clk 01:31:40]} {[%emt 00:00:05]} Bb4 {[%clk
01:31:38]} {[%emt 00:00:08]} 4. e3 {[%clk 01:32:07]} {[%emt 00:00:03]} O-O
{[%clk 01:32:00]} {[%emt 00:00:07]} 5. Bd3 {[%clk 01:32:35]} {[%emt 00:00:02]}
d5 {[%clk 01:31:47]} {[%emt 00:00:44]} 6. a3 {[%clk 01:32:59]} {[%emt
00:00:06]} Bxc3+ {[%clk 01:31:53]} {[%emt 00:00:24]} 7. bxc3 {[%clk 01:33:24]}
{[%emt 00:00:05]} dxc4 {[%clk 01:30:08]} {[%emt 00:02:15]} 8. Bxc4 {[%clk
01:33:27]} {[%emt 00:00:26]} c5 {[%clk 01:30:13]} {[%emt 00:00:26]} 9. Ne2
{[%clk 01:33:30]} {[%emt 00:00:27]} Qc7 {[%clk 01:28:11]} {[%emt 00:02:31]} 10.
Bd3 {[%clk 01:33:53]} {[%emt 00:00:07]} Nc6 {[%clk 01:25:40]} {[%emt 00:03:02]}
11. f4 {[%clk 01:34:09]} {[%emt 00:00:13]} Rd8 {[%clk 01:15:50]} {[%emt
00:10:21]} 12. O-O {[%clk 01:31:01]} {[%emt 00:03:38]} c4 {[%clk 01:08:28]}
{[%emt 00:07:52]} 13. Bc2 {[%clk 01:29:25]} {[%emt 00:02:06]} e5 {[%clk
01:08:26]} {[%emt 00:00:32]} 14. fxe5 {[%clk 01:27:37]} {[%emt 00:02:18]} Nxe5
{[%clk 01:08:48]} {[%emt 00:00:07]} 15. e4 {[%clk 01:23:20]} {[%emt 00:04:47]}
Ng6 {[%clk 01:01:57]} {[%emt 00:07:21]} 16. Qe1 {[%clk 01:22:35]} {[%emt
00:01:15]} Re8 {[%clk 00:59:36]} {[%emt 00:02:51]} 17. Ng3 {[%clk 01:09:04]}
{[%emt 00:14:01]} Qa5 {[%clk 00:51:58]} {[%emt 00:08:08]} 18. Bd2 {[%clk
00:53:19]} {[%emt 00:16:15]} Be6 {[%clk 00:47:26]} {[%emt 00:05:02]} 19. e5
{[%clk 00:47:12]} {[%emt 00:06:38]} Nd5 {[%clk 00:45:45]} {[%emt 00:02:11]} 20.
Ne4 {[%clk 00:45:29]} {[%emt 00:02:13]} Re7 {[%clk 00:40:42]} {[%emt 00:05:32]}
21. Qg3 {[%clk 00:42:47]} {[%emt 00:03:12]} Kh8 {[%clk 00:36:22]} {[%emt
00:04:50]} 22. h4 {[%clk 00:39:05]} {[%emt 00:04:12]} Qc7 {[%clk 00:32:37]}
{[%emt 00:04:15]} 23. h5 {[%clk 00:35:29]} {[%emt 00:04:07]} Nf8 {[%clk
00:32:57]} {[%emt 00:00:10]} 24. Qh4 {[%clk 00:32:41]} {[%emt 00:03:17]} Nd7
{[%clk 00:28:13]} {[%emt 00:05:15]} 25. h6 {[%clk 00:29:34]} {[%emt 00:03:37]}
g6 {[%clk 00:24:38]} {[%emt 00:04:04]} 26. Rf3 {[%clk 00:21:08]} {[%emt
00:08:56]} Bf5 {[%clk 00:20:25]} {[%emt 00:04:43]} 27. Rxf5 {[%clk 00:18:43]}
{[%emt 00:02:56]} gxf5 {[%clk 00:20:47]} {[%emt 00:00:07]} 28. Nf6 {[%clk
00:18:53]} {[%emt 00:00:20]} N7xf6 {[%clk 00:15:19]} {[%emt 00:05:58]} 29. exf6
{[%clk 00:18:36]} {[%emt 00:00:46]} Re2 {[%clk 00:15:06]} {[%emt 00:00:44]} 30.
Bxf5 {[%clk 00:15:35]} {[%emt 00:03:31]} Rxd2 {[%clk 00:13:00]} {[%emt
00:02:37]} 31. Qg5 {[%clk 00:15:59]} {[%emt 00:00:06]} Rxg2+ {[%clk 00:13:19]}
{[%emt 00:00:11]} 32. Kxg2 {[%clk 00:16:26]} {[%emt 00:00:02]} Rg8 {[%clk
00:13:38]} {[%emt 00:00:11]} 33. Qg7+ {[%clk 00:16:54]} {[%emt 00:00:03]} Rxg7+
{[%clk 00:13:58]} {[%emt 00:00:10]} 34. hxg7+ {[%clk 00:17:19]} {[%emt
00:00:04]} Kg8 {[%clk 00:14:25]} {[%emt 00:00:03]} 35. Bxh7+ {[%clk 00:17:42]}
{[%emt 00:00:07]} Kxh7 {[%clk 00:13:51]} {[%emt 00:01:03]} 36. Rh1+ {[%clk
00:18:08]} {[%emt 00:00:04]} Kg6 {[%clk 00:14:04]} {[%emt 00:00:19]} 37. g8=Q+
{[%clk 00:18:32]} {[%emt 00:00:06]} Kxf6 {[%clk 00:13:01]} {[%emt 00:01:32]}
38. Rh6+ {[%clk 00:18:24]} {[%emt 00:00:38]} Kf5 {[%clk 00:12:16]} {[%emt
00:01:16]} 39. Rh5+ {[%clk 00:18:39]} {[%emt 00:00:14]} Ke6 {[%clk 00:11:25]}
{[%emt 00:01:21]} 40. Qg4+ {[%clk 00:18:14]} {[%emt 00:00:54]} Kd6 {[%clk
00:11:28]} {[%emt 00:00:28]} 41. Qg3+ {[%clk 00:16:30]} {[%emt 00:02:14]} Kc6
{[%clk 00:10:52]} {[%emt 00:01:06]} 42. Qxc7+ {[%emt 00:00:46]} Nxc7 43. Rc5+
Kd6 44. Rxc4 {[%clk 00:16:15]} b6 {[%clk 00:00:42]} {[%emt 00:11:55]} 45. Kf3
{[%clk 00:15:14]} {[%emt 00:02:15]} f5 {[%clk 00:28:08]} {[%emt 00:03:05]} 46.
Rxc7 {[%clk 00:41:19]} {[%emt 00:04:25]} Kxc7 {[%clk 00:28:16]} {[%emt
00:00:21]} 47. Kf4 {[%clk 00:41:28]} {[%emt 00:00:21]} b5 {[%clk 00:10:29]}
{[%emt 00:18:17]} 48. Kxf5 {[%clk 00:41:31]} {[%emt 00:00:26]} Kd6 {[%clk
00:10:53]} {[%emt 00:00:07]} 49. Ke4 {[%clk 00:41:40]} {[%emt 00:00:21]} a6
{[%clk 00:11:03]} {[%emt 00:00:21]} 50. d5 {[%clk 00:41:52]} {[%emt 00:00:18]}
a5 {[%clk 00:10:52]} {[%emt 00:00:41]} 51. Kd4 {[%clk 00:42:15]} {[%emt
00:00:06]} a4 {[%clk 00:11:14]} {[%emt 00:00:08]} 52. Ke4 {[%clk 00:42:19]}
{[%emt 00:00:26]} Kc5 {[%clk 00:11:37]} {[%emt 00:00:08]} 53. Ke5 {[%clk
00:42:45]} {[%emt 00:00:04]} Kc4 {[%clk 00:12:03]} {[%emt 00:00:03]} 54. d6
{[%clk 00:43:10]} {[%emt 00:00:05]} Kxc3 {[%emt 00:00:17]} 55. d7 {[%clk
00:43:36]} {[%emt 00:00:03]} b4 {[%clk 00:12:44]} {[%emt 00:00:03]} 56. axb4
{[%clk 00:43:50]} {[%emt 00:00:17]} Kxb4 {[%clk 00:12:38]} {[%emt 00:00:36]}
57. d8=Q {[%clk 00:44:10]} {[%emt 00:00:09]} a3 {[%clk 00:12:45]} {[%emt
00:00:24]} 58. Qd4+ {[%clk 00:44:31]} {[%emt 00:00:07]} Kb3 {[%clk 00:12:55]}
{[%emt 00:00:21]} 59. Qa1 {[%clk 00:44:42]} {[%emt 00:00:19]} 1-0

[Event "DEM U14 2025"]
[Site "Willingen GER"]
[Date "2025.06.14"]
[Round "9"]
[White "Mandalka, Justus"]
[Black "Stehning, Toni"]
[Result "1-0"]
[Termination "normal"]
[Board "10"]
[WhiteElo "2076"]
[BlackElo "1873"]
[WhiteClock "00:18:27"]
[BlackClock "00:45:59"]
[PlyCount "67"]
[WhiteFideId "16298144"]
[BlackFideId "34623477"]
[EventCountry "GER"]
[EventRounds "9"]
[EventType "swiss"]
[EventDate "2025.06.07"]

1. e4 {[%clk 01:30:57]} {[%emt 00:00:02]} e5 {[%clk 01:30:00]} {[%emt
00:01:01]} 2. Nf3 {[%clk 01:31:23]} {[%emt 00:00:05]} Nc6 {[%clk 01:30:00]}
{[%emt 00:00:30]} 3. d4 {[%clk 01:31:48]} {[%emt 00:00:05]} exd4 {[%clk
01:29:58]} {[%emt 00:00:32]} 4. Nxd4 {[%clk 01:32:16]} {[%emt 00:00:02]} Nf6
{[%clk 01:30:07]} {[%emt 00:00:21]} 5. Nxc6 {[%clk 01:32:44]} {[%emt 00:00:02]}
bxc6 {[%clk 01:30:00]} {[%emt 00:00:37]} 6. e5 {[%clk 01:33:08]} {[%emt
00:00:06]} Qe7 {[%clk 01:29:59]} {[%emt 00:00:30]} 7. Qe2 {[%clk 01:33:37]} Nd5
{[%clk 01:30:07]} {[%emt 00:00:22]} 8. c4 {[%clk 01:33:30]} {[%emt 00:00:37]}
Nb6 {[%clk 01:29:57]} {[%emt 00:00:40]} 9. Nc3 {[%clk 01:33:47]} {[%emt
00:00:13]} d6 {[%clk 01:21:34]} {[%emt 00:08:54]} 10. c5 {[%clk 01:25:29]}
{[%emt 00:08:48]} Nd5 {[%clk 01:17:28]} {[%emt 00:04:35]} 11. Nxd5 {[%clk
01:23:15]} {[%emt 00:02:45]} cxd5 {[%clk 01:17:49]} {[%emt 00:00:09]} 12. Qb5+
{[%clk 01:19:07]} {[%emt 00:04:37]} Qd7 {[%clk 01:17:15]} {[%emt 00:01:05]} 13.
exd6 {[%clk 01:15:24]} {[%emt 00:04:13]} cxd6 {[%clk 01:15:31]} {[%emt
00:02:13]} 14. c6 {[%clk 01:14:43]} {[%emt 00:01:12]} Qe6+ {[%clk 01:15:24]}
{[%emt 00:00:37]} 15. Be2 {[%clk 01:14:20]} {[%emt 00:00:53]} a6 {[%clk
01:11:31]} {[%emt 00:04:23]} 16. Qb6 {[%clk 01:12:36]} {[%emt 00:02:14]} Be7
{[%clk 01:11:27]} {[%emt 00:00:33]} 17. Be3 {[%clk 01:12:12]} {[%emt 00:00:54]}
O-O {[%clk 01:11:18]} {[%emt 00:00:39]} 18. O-O {[%clk 01:12:35]} {[%emt
00:00:08]} d4 {[%clk 01:05:17]} {[%emt 00:06:31]} 19. Qxd4 {[%clk 00:59:08]}
{[%emt 00:13:56]} d5 {[%clk 01:03:54]} {[%emt 00:01:54]} 20. Bf3 {[%clk
00:58:46]} {[%emt 00:00:51]} Rd8 {[%clk 01:02:18]} {[%emt 00:02:06]} 21. Qa4
{[%clk 00:51:14]} {[%emt 00:08:02]} Bd6 {[%clk 00:58:25]} {[%emt 00:04:23]} 22.
Rfe1 {[%clk 00:47:05]} {[%emt 00:04:39]} Qf6 {[%clk 00:55:01]} {[%emt
00:03:54]} 23. Bb6 {[%clk 00:33:39]} {[%emt 00:13:56]} Rf8 {[%clk 00:54:00]}
{[%emt 00:01:31]} 24. Bxd5 {[%clk 00:26:25]} {[%emt 00:07:44]} Bxh2+ {[%clk
00:53:20]} {[%emt 00:01:10]} 25. Kxh2 {[%clk 00:24:14]} {[%emt 00:02:41]} Qd6+
{[%clk 00:53:33]} {[%emt 00:00:17]} 26. f4 {[%clk 00:21:22]} {[%emt 00:03:21]}
Qxd5 {[%clk 00:53:45]} {[%emt 00:00:19]} 27. Re5 {[%clk 00:21:36]} {[%emt
00:00:16]} Qd6 {[%clk 00:52:54]} {[%emt 00:01:21]} 28. Bc5 {[%clk 00:21:19]}
{[%emt 00:00:47]} Qh6+ {[%clk 00:52:25]} {[%emt 00:00:59]} 29. Kg1 {[%clk
00:21:40]} {[%emt 00:00:08]} f6 {[%clk 00:50:38]} {[%emt 00:02:18]} 30. Re3
{[%clk 00:18:58]} {[%emt 00:03:12]} Rd8 {[%clk 00:46:51]} {[%emt 00:04:17]} 31.
c7 {[%clk 00:17:18]} {[%emt 00:02:10]} Rd7 {[%clk 00:46:15]} {[%emt 00:01:06]}
32. Qc4+ {[%clk 00:17:35]} {[%emt 00:00:13]} Rd5 {[%clk 00:45:51]} {[%emt
00:00:54]} 33. Qxd5+ {[%clk 00:18:03]} {[%emt 00:00:02]} Be6 {[%clk 00:45:59]}
{[%emt 00:00:22]} 34. Qxe6+ {[%clk 00:18:27]} {[%emt 00:00:06]} 1-0

[Event "DEM U14 2025"]
[Site "Willingen GER"]
[Date "2025.06.14"]
[Round "9"]
[White "Rodriguez Klasen, Ennio"]
[Black "Savchuk, Alexander"]
[Result "0-1"]
[Termination "normal"]
[Board "11"]
[WhiteElo "2021"]
[BlackElo "1935"]
[WhiteClock "00:26:34"]
[BlackClock "00:25:51"]
[PlyCount "100"]
[WhiteFideId "16277414"]
[BlackFideId "34617434"]
[EventCountry "GER"]
[EventRounds "9"]
[EventType "swiss"]
[EventDate "2025.06.07"]

1. e4 {[%clk 01:30:53]} {[%emt 00:00:06]} c5 {[%clk 01:30:48]} {[%emt
00:00:12]} 2. Nf3 {[%clk 01:30:53]} {[%emt 00:00:31]} d6 {[%clk 01:30:54]}
{[%emt 00:00:23]} 3. d4 {[%clk 01:31:02]} {[%emt 00:00:21]} cxd4 {[%clk
01:31:04]} {[%emt 00:00:21]} 4. Nxd4 {[%clk 01:31:26]} {[%emt 00:00:06]} Nf6
{[%clk 01:31:10]} {[%emt 00:00:24]} 5. f3 {[%clk 01:31:51]} {[%emt 00:00:05]}
Nc6 {[%clk 01:31:14]} {[%emt 00:00:25]} 6. c4 {[%clk 01:13:15]} {[%emt
00:19:06]} e6 {[%clk 01:31:26]} {[%emt 00:00:18]} 7. Nc3 {[%clk 01:12:01]}
{[%emt 00:01:45]} Be7 {[%clk 01:31:29]} {[%emt 00:00:27]} 8. Be3 {[%clk
01:11:41]} {[%emt 00:00:50]} O-O {[%clk 01:31:41]} {[%emt 00:00:17]} 9. Be2
{[%clk 01:11:36]} {[%emt 00:00:35]} d5 {[%clk 01:31:22]} {[%emt 00:00:49]} 10.
Nxc6 {[%clk 01:01:55]} {[%emt 00:10:12]} bxc6 {[%clk 01:31:45]} {[%emt
00:00:06]} 11. cxd5 {[%clk 01:02:06]} {[%emt 00:00:19]} cxd5 {[%clk 01:31:58]}
{[%emt 00:00:17]} 12. exd5 {[%clk 01:02:28]} {[%emt 00:00:08]} Nxd5 {[%clk
01:31:53]} {[%emt 00:00:35]} 13. Nxd5 {[%clk 01:02:46]} {[%emt 00:00:13]} exd5
{[%clk 01:30:10]} {[%emt 00:02:13]} 14. O-O {[%clk 01:01:49]} {[%emt 00:01:26]}
Bf6 {[%clk 01:20:35]} {[%emt 00:10:05]} 15. Bd4 {[%clk 01:00:17]} {[%emt
00:02:03]} Be6 {[%clk 01:11:48]} {[%emt 00:09:16]} 16. Qa4 {[%clk 00:46:29]}
{[%emt 00:14:18]} Bxd4+ {[%clk 01:10:18]} {[%emt 00:02:00]} 17. Qxd4 {[%clk
00:43:37]} {[%emt 00:03:23]} Qb6 {[%clk 01:05:44]} {[%emt 00:05:04]} 18. Rfd1
{[%clk 00:28:24]} {[%emt 00:15:43]} Rab8 {[%clk 00:58:27]} {[%emt 00:07:46]}
19. Qxb6 {[%clk 00:25:19]} {[%emt 00:03:35]} Rxb6 {[%clk 00:58:49]} {[%emt
00:00:08]} 20. b3 {[%clk 00:23:39]} {[%emt 00:02:10]} Rc8 {[%clk 00:59:00]}
{[%emt 00:00:19]} 21. Rac1 {[%clk 00:21:49]} {[%emt 00:02:20]} Rbc6 {[%clk
00:59:18]} {[%emt 00:00:12]} 22. Rxc6 {[%clk 00:21:42]} {[%emt 00:00:37]} Rxc6
{[%clk 00:59:46]} {[%emt 00:00:02]} 23. Rd2 {[%clk 00:19:56]} {[%emt 00:02:16]}
a5 {[%clk 00:59:07]} {[%emt 00:01:09]} 24. Kf2 {[%clk 00:18:46]} {[%emt
00:01:41]} Kf8 {[%clk 00:57:50]} {[%emt 00:01:46]} 25. f4 {[%clk 00:09:29]}
{[%emt 00:09:47]} Rc5 {[%clk 00:53:34]} {[%emt 00:04:46]} 26. Bf3 {[%clk
00:05:35]} {[%emt 00:04:25]} Ke7 {[%clk 00:50:42]} {[%emt 00:03:21]} 27. Ke3
{[%clk 00:04:41]} {[%emt 00:01:25]} f6 {[%clk 00:41:29]} {[%emt 00:09:43]} 28.
h3 {[%clk 00:00:34]} {[%emt 00:04:37]} h6 {[%clk 00:38:44]} {[%emt 00:03:14]}
29. Kd4 {[%clk 00:00:52]} {[%emt 00:00:13]} Kd6 {[%clk 00:38:30]} {[%emt
00:00:43]} 30. g4 {[%clk 00:00:32]} {[%emt 00:00:51]} a4 {[%clk 00:24:42]}
{[%emt 00:14:18]} 31. h4 {[%clk 00:00:32]} {[%emt 00:00:30]} a3 {[%clk
00:23:01]} {[%emt 00:02:11]} 32. Re2 {[%clk 00:00:33]} {[%emt 00:00:28]} Rc1
{[%clk 00:22:29]} {[%emt 00:01:02]} 33. g5 {[%clk 00:00:41]} {[%emt 00:00:22]}
hxg5 {[%clk 00:22:10]} {[%emt 00:00:49]} 34. hxg5 {[%clk 00:00:57]} {[%emt
00:00:15]} Rf1 {[%clk 00:19:36]} {[%emt 00:03:04]} 35. Re3 {[%clk 00:00:34]}
{[%emt 00:00:53]} Rf2 {[%clk 00:16:55]} {[%emt 00:03:10]} 36. b4 {[%clk
00:00:36]} {[%emt 00:00:29]} Rd2+ {[%clk 00:14:18]} {[%emt 00:03:07]} 37. Kc3
{[%clk 00:00:32]} {[%emt 00:00:34]} Rxa2 {[%emt 00:10:06]} 38. gxf6 {[%clk
00:00:42]} {[%emt 00:00:18]} gxf6 {[%clk 00:05:03]} {[%emt 00:00:10]} 39. Kb3
{[%clk 00:00:52]} {[%emt 00:00:21]} Ra1 {[%clk 00:04:39]} {[%emt 00:00:52]} 40.
f5 {[%clk 00:00:34]} {[%emt 00:00:50]} Bf7 {[%clk 00:04:19]} {[%emt 00:00:50]}
41. Rd3 {[%clk 00:28:39]} {[%emt 00:02:24]} Ke5 {[%clk 00:28:22]} {[%emt
00:06:27]} 42. Rd1 {[%clk 00:24:15]} {[%emt 00:04:55]} d4+ {[%clk 00:28:06]}
{[%emt 00:00:46]} 43. Kc2 {[%clk 00:24:33]} {[%emt 00:00:11]} Rxd1 {[%clk
00:27:27]} {[%emt 00:01:09]} 44. Bxd1 {[%clk 00:25:01]} {[%emt 00:00:02]} d3+
{[%clk 00:26:24]} {[%emt 00:01:32]} 45. Kb1 {[%clk 00:25:20]} {[%emt 00:00:12]}
Kxf5 {[%clk 00:26:07]} {[%emt 00:00:47]} 46. b5 {[%clk 00:25:11]} {[%emt
00:00:39]} Ke5 {[%clk 00:25:41]} {[%emt 00:00:55]} 47. b6 {[%clk 00:25:27]}
{[%emt 00:00:15]} Kd6 {[%clk 00:25:29]} {[%emt 00:00:42]} 48. b7 {[%clk
00:25:42]} {[%emt 00:00:15]} Kc7 {[%clk 00:25:48]} {[%emt 00:00:10]} 49. Ka1
{[%clk 00:26:07]} {[%emt 00:00:06]} Kxb7 {[%clk 00:25:56]} {[%emt 00:00:22]}
50. Bc2 {[%clk 00:26:34]} {[%emt 00:00:04]} d2 {[%clk 00:25:51]} {[%emt
00:00:35]} 0-1

[Event "DEM U14 2025"]
[Site "Willingen GER"]
[Date "2025.06.14"]
[Round "9"]
[White "Kalinski, Jan"]
[Black "Hempel, Lorenz"]
[Result "1/2-1/2"]
[Termination "normal"]
[Board "12"]
[WhiteElo "1748"]
[BlackElo "2007"]
[WhiteClock "00:34:12"]
[BlackClock "00:14:58"]
[PlyCount "53"]
[WhiteFideId "34660615"]
[BlackFideId "34627413"]
[EventCountry "GER"]
[EventRounds "9"]
[EventType "swiss"]
[EventDate "2025.06.07"]

1. c4 {[%clk 01:30:59]} Nf6 {[%clk 01:30:55]} {[%emt 00:00:06]} 2. g3 {[%clk
01:31:24]} {[%emt 00:00:04]} c5 {[%clk 01:31:22]} {[%emt 00:00:03]} 3. Bg2
{[%clk 01:31:47]} {[%emt 00:00:07]} d5 {[%clk 01:31:44]} {[%emt 00:00:09]} 4.
cxd5 {[%clk 01:32:12]} {[%emt 00:00:04]} Nxd5 {[%clk 01:32:09]} {[%emt
00:00:05]} 5. Nc3 {[%clk 01:32:39]} {[%emt 00:00:03]} Nc7 {[%clk 01:32:34]}
{[%emt 00:00:05]} 6. Qb3 {[%clk 01:33:04]} {[%emt 00:00:05]} Nc6 {[%clk
01:31:31]} {[%emt 00:01:34]} 7. Bxc6+ {[%clk 01:33:29]} {[%emt 00:00:05]} bxc6
{[%clk 01:31:56]} {[%emt 00:00:05]} 8. Qa4 {[%clk 01:33:36]} {[%emt 00:00:22]}
Qd7 {[%clk 01:12:56]} {[%emt 00:19:30]} 9. Nf3 {[%clk 01:30:59]} {[%emt
00:03:06]} Nb5 {[%clk 01:11:56]} {[%emt 00:01:31]} 10. Ne5 {[%clk 01:07:52]}
{[%emt 00:23:36]} Qd4 {[%clk 01:02:28]} {[%emt 00:09:59]} 11. Nf3 {[%clk
00:59:55]} {[%emt 00:08:27]} Qxa4 {[%clk 00:58:53]} {[%emt 00:04:06]} 12. Nxa4
{[%clk 01:00:17]} {[%emt 00:00:07]} Nd4 {[%clk 00:59:18]} {[%emt 00:00:05]} 13.
Nxd4 {[%clk 00:58:12]} {[%emt 00:02:34]} cxd4 {[%clk 00:59:31]} {[%emt
00:00:19]} 14. O-O {[%clk 00:57:12]} {[%emt 00:01:29]} Ba6 {[%clk 00:55:00]}
{[%emt 00:05:00]} 15. Re1 {[%clk 00:49:57]} {[%emt 00:07:45]} e6 {[%clk
00:49:34]} {[%emt 00:05:58]} 16. b3 {[%clk 00:49:56]} {[%emt 00:00:30]} Be7
{[%clk 00:47:07]} {[%emt 00:02:56]} 17. Bb2 {[%clk 00:49:48]} {[%emt 00:00:39]}
c5 {[%clk 00:37:04]} {[%emt 00:10:34]} 18. Rac1 {[%clk 00:49:20]} {[%emt
00:00:57]} Rc8 {[%clk 00:37:26]} {[%emt 00:00:08]} 19. Ba3 {[%clk 00:48:00]}
{[%emt 00:01:49]} c4 {[%clk 00:36:56]} {[%emt 00:01:01]} 20. Bxe7 {[%clk
00:44:28]} {[%emt 00:04:01]} Kxe7 {[%clk 00:37:25]} {[%emt 00:00:02]} 21. b4
{[%clk 00:44:46]} {[%emt 00:00:12]} Bb5 {[%clk 00:32:38]} {[%emt 00:05:18]} 22.
Nc5 {[%clk 00:42:58]} {[%emt 00:02:17]} a5 {[%clk 00:23:57]} {[%emt 00:09:12]}
23. a3 {[%clk 00:43:10]} {[%emt 00:00:18]} Rc7 {[%clk 00:23:51]} {[%emt
00:00:36]} 24. Nb3 {[%clk 00:39:24]} {[%emt 00:04:15]} axb4 {[%clk 00:16:06]}
{[%emt 00:08:16]} 25. Nxd4 {[%clk 00:38:48]} {[%emt 00:01:05]} Ba4 {[%clk
00:16:21]} {[%emt 00:00:16]} 26. axb4 {[%clk 00:38:33]} {[%emt 00:00:44]} Rb8
{[%clk 00:14:58]} {[%emt 00:01:52]} 27. b5 {[%clk 00:34:12]} {[%emt 00:04:51]}
1/2-1/2

[Event "DEM U14 2025"]
[Site "Willingen GER"]
[Date "2025.06.14"]
[Round "9"]
[White "Kovalskyy, Alicia"]
[Black "Lücke, Julius"]
[Result "1-0"]
[Termination "normal"]
[Board "13"]
[WhiteElo "1924"]
[BlackElo "1749"]
[WhiteClock "00:03:14"]
[BlackClock "00:48:08"]
[PlyCount "91"]
[WhiteFideId "34612130"]
[BlackFideId "34674977"]
[EventCountry "GER"]
[EventRounds "9"]
[EventType "swiss"]
[EventDate "2025.06.07"]

1. e4 {[%clk 01:30:57]} {[%emt 00:00:03]} c5 {[%clk 01:30:55]} {[%emt
00:00:06]} 2. Nf3 {[%clk 01:31:24]} {[%emt 00:00:02]} Nc6 {[%clk 01:31:22]}
{[%emt 00:00:05]} 3. d4 {[%clk 01:31:49]} {[%emt 00:00:04]} cxd4 {[%clk
01:31:47]} {[%emt 00:00:05]} 4. Nxd4 {[%clk 01:32:15]} {[%emt 00:00:04]} Nf6
{[%clk 01:32:09]} {[%emt 00:00:07]} 5. Nc3 {[%clk 01:32:42]} {[%emt 00:00:04]}
e5 {[%clk 01:32:32]} {[%emt 00:00:07]} 6. Ndb5 {[%clk 01:33:07]} {[%emt
00:00:05]} d6 {[%clk 01:32:55]} {[%emt 00:00:07]} 7. Nd5 {[%clk 01:33:31]}
{[%emt 00:00:07]} Nxd5 {[%clk 01:33:19]} {[%emt 00:00:05]} 8. exd5 {[%clk
01:33:54]} {[%emt 00:00:07]} Nb8 {[%clk 01:33:45]} {[%emt 00:00:04]} 9. a4
{[%clk 01:34:18]} {[%emt 00:00:06]} Be7 {[%clk 01:34:10]} {[%emt 00:00:04]} 10.
Be2 {[%clk 01:34:45]} {[%emt 00:00:03]} O-O {[%clk 01:34:30]} {[%emt 00:00:10]}
11. Bd2 {[%clk 01:35:10]} {[%emt 00:00:06]} Nd7 {[%clk 01:33:54]} {[%emt
00:01:06]} 12. a5 {[%clk 01:35:23]} {[%emt 00:00:17]} f5 {[%clk 01:33:25]}
{[%emt 00:01:00]} 13. O-O {[%clk 01:29:03]} {[%emt 00:06:49]} a6 {[%clk
01:33:24]} {[%emt 00:00:31]} 14. Na3 {[%clk 01:29:28]} {[%emt 00:00:04]} e4
{[%clk 01:30:44]} {[%emt 00:03:10]} 15. Nc4 {[%clk 01:29:24]} {[%emt 00:00:33]}
Ne5 {[%clk 01:30:59]} {[%emt 00:00:17]} 16. Nb6 {[%clk 01:29:35]} {[%emt
00:00:20]} Rb8 {[%clk 01:31:13]} {[%emt 00:00:15]} 17. f4 {[%clk 01:29:26]}
{[%emt 00:00:39]} exf3 {[%clk 01:31:35]} {[%emt 00:00:08]} 18. Bxf3 {[%clk
01:29:52]} {[%emt 00:00:04]} f4 {[%clk 01:31:25]} {[%emt 00:00:40]} 19. c4
{[%clk 01:18:04]} {[%emt 00:12:18]} g5 {[%clk 01:29:55]} {[%emt 00:02:00]} 20.
Bc3 {[%clk 01:00:19]} {[%emt 00:18:15]} Bf5 {[%clk 01:25:06]} {[%emt 00:05:18]}
21. b4 {[%clk 00:51:07]} {[%emt 00:09:42]} Bf6 {[%clk 01:17:02]} {[%emt
00:08:33]} 22. Rc1 {[%clk 00:40:12]} {[%emt 00:11:26]} Rf7 {[%clk 01:16:43]}
{[%emt 00:00:49]} 23. Re1 {[%clk 00:36:57]} {[%emt 00:03:45]} Nd3 {[%clk
01:06:49]} {[%emt 00:10:25]} 24. Bh5 {[%clk 00:22:56]} {[%emt 00:14:30]} Rg7
{[%clk 01:06:50]} {[%emt 00:00:29]} 25. Re8+ {[%clk 00:21:44]} {[%emt
00:01:42]} Qxe8 {[%clk 01:07:12]} {[%emt 00:00:08]} 26. Bxe8 {[%clk 00:22:10]}
{[%emt 00:00:04]} Rxe8 {[%clk 01:06:01]} {[%emt 00:01:42]} 27. Bxf6 {[%clk
00:17:14]} {[%emt 00:05:25]} f3 {[%clk 01:04:38]} {[%emt 00:01:54]} 28. Qxf3
{[%clk 00:10:18]} {[%emt 00:07:26]} Be4 {[%clk 01:04:03]} {[%emt 00:01:05]} 29.
Qd1 {[%clk 00:09:47]} {[%emt 00:01:01]} Rf7 {[%clk 01:04:22]} {[%emt 00:00:10]}
30. Bd4 {[%clk 00:09:56]} {[%emt 00:00:21]} Bg6 {[%clk 01:00:40]} {[%emt
00:04:12]} 31. Ra1 {[%clk 00:08:23]} {[%emt 00:02:04]} Rf4 {[%clk 00:59:21]}
{[%emt 00:01:48]} 32. Bc3 {[%clk 00:08:34]} {[%emt 00:00:19]} Nf2 {[%clk
00:55:51]} {[%emt 00:04:00]} 33. Qd2 {[%clk 00:06:55]} {[%emt 00:02:09]} Ne4
{[%clk 00:54:19]} {[%emt 00:02:03]} 34. Qb2 {[%clk 00:07:15]} {[%emt 00:00:08]}
Ref8 {[%clk 00:54:05]} {[%emt 00:00:45]} 35. Bd4 {[%clk 00:07:16]} {[%emt
00:00:30]} g4 {[%clk 00:48:51]} {[%emt 00:05:43]} 36. c5 {[%clk 00:05:00]}
{[%emt 00:02:47]} Ng5 {[%clk 00:49:01]} {[%emt 00:00:20]} 37. Be3 {[%clk
00:04:25]} {[%emt 00:01:05]} Nh3+ {[%clk 00:47:31]} {[%emt 00:02:00]} 38. gxh3
{[%clk 00:04:38]} {[%emt 00:00:17]} Rf3 {[%clk 00:47:46]} {[%emt 00:00:15]} 39.
Bh6 {[%clk 00:04:53]} {[%emt 00:00:13]} R8f7 {[%clk 00:48:07]} {[%emt
00:00:11]} 40. Re1 {[%clk 00:04:56]} {[%emt 00:00:26]} Be4 {[%clk 00:47:39]}
{[%emt 00:00:58]} 41. Rxe4 {[%clk 00:05:08]} {[%emt 00:00:18]} Rf1+ {[%clk
00:47:10]} {[%emt 00:00:59]} 42. Kg2 {[%clk 00:05:25]} {[%emt 00:00:13]} gxh3+
{[%clk 00:47:31]} {[%emt 00:00:10]} 43. Kxh3 {[%clk 00:02:20]} {[%emt
00:03:34]} R1f3+ {[%clk 00:47:41]} {[%emt 00:00:20]} 44. Kg4 {[%clk 00:02:32]}
{[%emt 00:00:18]} Re7 {[%clk 00:47:43]} {[%emt 00:00:28]} 45. Rxe7 {[%clk
00:02:53]} {[%emt 00:00:09]} Rg3+ {[%clk 00:48:08]} {[%emt 00:00:06]} 46. Kxg3
{[%clk 00:03:14]} {[%emt 00:00:09]} 1-0